| 000 | 00883nam a2200241 a 4500 | ||
|---|---|---|---|
| 001 | 000047021 | ||
| 005 | 20201002053307.0 | ||
| 008 | 091120s2015 dr a r 001 0 spa d | ||
| 020 | _a9789945495755 (v.1) | ||
| 020 | _a9789945595178 (v. 2) | ||
| 040 |
_aDO-SdBNP _bspa _cBNPHU |
||
| 082 |
_axxxx _bxxxx |
||
| 100 | 1 |
_aPérez, Danilda _973778 |
|
| 245 | 1 | 0 |
_aCiencia sociales 3 : _bTercer grado, primer ciclo educación primaria / _cDanilda Pérez ; producción editorial María del Jesús de la Rosa ;. |
| 260 |
_aSanto Domingo : _bActualidad escolar, _c2015. |
||
| 300 |
_av. : _bil. ; _c22 cm. |
||
| 490 | 1 | _aVeraz | |
| 505 | 0 |
_gv.1 : _tLibro de texto -- _gv. 2 : _tLibro del maestro |
|
| 590 | _aInventariado, 2018/VM | ||
| 700 | 1 |
_aJesús de la Rosa, María del _eprod. ed. _929833 |
|
| 710 | 2 |
_aActualidad escolar 2000, (República Dominicana) _973571 |
|
| 830 | 0 |
_aVeraz _974848 |
|
| 999 |
_c46509 _d46509 |
||